01790nam a22001937a 450000500170000000800410001702000150005804000090007304100120008208200200009410000190011424500420013326000440017530000280021936500300024752012790027765000190155670000210157520210923112034.0210923b ||||| |||| 00| 0 eng d a0192861190 cAloy aEnglish 223a363.7bLEGG aJeremy Leggett aGlobal warmingbthe greenpeace report aNew YorkbOxford University Pressc1990 axi,554p.bPBc19.5x13cm b₹650.00c₹d₹650.00 aThis book assesses what the real risks of global warming are, how much is known, and what can be done? The great majority of the world's climate scientists have no doubts about the reality of global warming, but governments have so far been reluctant to act. In this report commissioned by Greenpeace a group of leading scientists and energy analysts from all over the world explain the scientific data, assess its implications, and outline the sort of policies that should be implemented if we are to escape what could be the most serious threat our planet has ever faced. The Greenpeace Report has been commissioned as a shadow document to the report of the Intergovernmental Panel on Climate Change (IPCC), released at the Fourth IPCC Conference in Sundvaal, Sweden, from 27-31 August 1990. Although the IPCC scientists will reflect the dominant view that global warming is a major problem, the policy-makers are shaping up to produce a report which wholly fails to provide a prescription of the necessary urgency. The Greenpeace Report is therefore designed to redress this balance by advocating policies consonant with the scientists' warnings. It offers a vision of the environmental imperatives for escaping the greenhouse threat, and a case for their practicability. aGlobal Warming aLEGGETT (Jeremy)